RAYE - Toutes les chansons - Statistiques

Statistiques générales
  • Ce quiz a été pris 16 fois
  • Le résultat moyen est 29 sur 105
Statistiques - réponses
Hint Réponse % Correct
My 21st Century Blues 4 Black Mascara
100%
My 21st Century Blues 5 Escapism (feat. 070 Shake)
100%
This Music May Contain Hope 13 Where Is My Husband!
100%
My 21st Century Blues 15 Fin
75%
This Music May Contain Hope 17 Fin
75%
This Music May Contain Hope 11 Nightingale Lane
75%
Collaborations 2023 Prada de Cassö (feat. D-Block Europe)
75%
Collaborations 2025 Suzanne de Mark Ronson
75%
My 21st Century Blues 7 The Thrill Is Gone
75%
My 21st Century Blues 13 Worth It
75%
This Music May Contain Hope 3 Beware.. The South London Lover Boy
50%
My 21st Century Blues 14 Buss It Down
50%
This Music May Contain Hope 6 Click Clack Symphony (feat. Hans Zimmer)
50%
This Music May Contain Hope 14 Fields (feat. Grandad Michael)
50%
My 21st Century Blues 12 Five Star Hotels (feat. Mahalia)
50%
My 21st Century Blues 9 Flip a Switch
50%
Singles 2024 Genesis
50%
This Music May Contain Hope 16 "Happier Times Ahead
50%
My 21st Century Blues 3 Hard Out Here
50%
My 21st Century Blues 8 Ice Cream Man
50%
This Music May Contain Hope 9 I Hate the Way I Look Today
50%
This Music May Contain Hope 7 I Know You’re Hurting
50%
This Music May Contain Hope 2 I Will Overcome
50%
This Music May Contain Hope 15 Joy (feat. Amma and Absolutely)
50%
This Music May Contain Hope 8 Life Boat
50%
My 21st Century Blues 6 Mary Jane
50%
My 21st Century Blues 2 Oscar Winning Tears
50%
Collaborations 2016 You Don't Know Me de Jax Jones
50%
Euphoric Sad Songs 6 All Dressed Up
25%
Singles 2019 All of My Love (feat. Young Adz)
25%
SECOND 5 Ambition
25%
Collaborations 2023 Better Things (Raye remix) de aespa
25%
My 21st Century Blues 10 Body Dysmorphia
25%
Collaborations 2025 Born Again de Lisa (feat. Doja Cat)
25%
Singles 2021 Call on Me
25%
Euphoric Sad Songs 2 Change Your Mind
25%
Side Tape 5 Cigarette
25%
Side Tape 3 Confidence
25%
Side Tape 1 Crew
25%
Side Tape 2 Decline
25%
SECOND 3 Distraction
25%
My 21st Century Blues 11 Environmental Anxiety
25%
Singles 2018 Friends
25%
Collaborations 2021 Go Girl de Miraa May
25%
This Music May Contain Hope 10 Goodbye Henry (feat. Al Green)
25%
Singles 2021 I Don't Want You (feat. Riton)
25%
My 21st Century Blues 1 Introduction
25%
This Music May Contain Hope 1 Intro: Girl Under the Grey Cloud
25%
SECOND 1 I, U, Us
25%
Euphoric Sad Songs 1 Love Me Again
25%
Euphoric Sad Songs 9 Love of Your Life
25%
Collaborations 2024 Moi de Central Cee
25%
Collaborations 2021 Money Calling de Da Beatfreakz (feat. Russ Millions et Wewantwraiths)
25%
Singles 2023 Mother Nature (feat. Hans Zimmer)
25%
Euphoric Sad Songs 5 Natalie Don't
25%
Euphoric Sad Songs 7 Please Don't Touch
25%
Euphoric Sad Songs 3 Regardless (feat. Rudimental)
25%
Euphoric Sad Songs 4 Secrets (feat. Regard)
25%
SECOND 2 Shhh
25%
This Music May Contain Hope 12 Skin & Bones
25%
Side Tape 4 Slower
25%
Singles 2017 Sober (Stripped)
25%
Collaborations 2019 Stay (Don't Go Away) de David Guetta
25%
Singles 2021 Summer Love (feat. Cassper Nyovest)
25%
SECOND 4 Tell Me
25%
Collaborations 2020 Tequila de Jax Jones et Martin Solveig
25%
Singles 2017 The Line
25%
Collaborations 2023 The Weekend de Stormzy
25%
This Music May Contain Hope 4 The WhatsApp Shakespeare
25%
Collaborations 2019 Tipsy de Odunsi the Engine
25%
Euphoric Sad Songs 8 Walk on By
25%
Collaborations 2021 Waterfall (feat. Disclosure)
25%
Side Tape 6 Wife Me
25%
This Music May Contain Hope 5 Winter Woman
25%
Collaborations 2022 You Can't Change Me de David Guetta et Morten
25%
Collaborations 2019 1by1 de Rudimental (feat. Maleek Berry)
0%
Collaborations 2017 After the Afterparty (VIP Mix) de Charli xcx (feat. Rita Ora et Stefflon Don)
0%
Singles 2015 Alien (feat. Avelino)
0%
Welcome to the Winter 2 BAD FAITH
0%
Welcome to the Winter 5 BET U WISH
0%
Welcome to the Winter 4 BIRDSONG (INTERLUDE)
0%
Collaborations 2017 Body Language de Pete Tong (feat. Jules Buckley et Heritage Orchestra)
0%
Collaborations 2018 Breaking News de Louis the Child
0%
Collaborations 2016 By Your Side de Jonas Blue
0%
Collaborations 2017 Dreamer de Charli xcx (feat. Starrah)
0%
Collaborations 2015 Ego de Chris Loco
0%
Collaborations 2021 Ferrari Horses de D-Block Europe
0%
Singles 2015 Flowers
0%
Collaborations 2017 Glue de Somewhere Else
0%
Singles 2025 Grandma Calls The Boys Bad News pour F1
0%
Welcome to the Winter 7 HOTBOX
0%
Welcome to the Winter 6 JUST LIKE THAT
0%
Collaborations 2021 Kiss My (Uh-Oh) (Girl Power Remix) de Anne-Marie (feat. Little Mix, Becky Hill et Stefflon Don)
0%
Collaborations 2019 Make It to Heaven de David Guetta (feat. Morten)
0%
Welcome to the Winter 3 NEED ME
0%
Collaborations 2019 Odo de King Promise
0%
Collaborations 2024 Paralyzed de Lucky Daye
0%
Singles 2015 Shine
0%
Singles 2019 South East London pour Rapman Presents: Blue Story
0%
Collaborations 2020 Thank You de Pvris
0%
Collaborations 2019 The Fruits de Col3trane (feat. DJDS)
0%
Collaborations 2018 Tied Up de Major Lazer (feat. Mr Eazi)
0%
Welcome to the Winter 1 W2TW
0%
Collaborations 2016 War de Nas
0%
Collaborations 2021 Wys de Tion Wayne
0%
Aucun quiz correspondant
Distribution des résultats
% des personnes avec chaque résultat
Percentile par nombre de réponses
Votre historique - résultats
Vous n’avez pas pris ce quiz